Gendai Nihon no shufu /

Disimpan dalam:
Butiran Bibliografi
Pengarang Korporat: Kokusai Josei Gakkai (Japan)
Format: Buku
Bahasa:Japanese
Diterbitkan: Tōkyō : Nihon Hōsō Shuppan Kyōkai, Shōwa 55 [1980]
Siri:NHK bukkusu ; 360
Subjek-subjek:
Penanda-penanda: Tambah Penanda
Tiada Penanda, Jadilah orang pertama menanda rekod ini!
LEADER 00981cam a2200277 i 4500
001 007732911-2
005 20024617115958.0
008 870716s1980 ja a b 000 0 jpn
010 |a 81805872 /J 
035 0 |a ocm23328782 
040 |a DLC  |c MiU  |d NcD  |d *CVU*  |d *YNH*  |d CStRLIN 
043 |a a-ja--- 
050 |a HQ759  |b .G45 
245 0 0 |6 880-01  |a Gendai Nihon no shufu /  |c Kokusai Josei Gakkai hen. 
260 |6 880-02  |a Tōkyō :  |b Nihon Hōsō Shuppan Kyōkai,  |c Shōwa 55 [1980] 
300 |a 247 p. :  |b ill. ;  |c 19 cm. 
490 0 |6 880-03  |a NHK bukkusu ;  |v 360 
504 |a Includes bibliographical references (p. 244-247). 
650 0 |a Housewives  |z Japan. 
710 2 |6 880-04  |a Kokusai Josei Gakkai (Japan) 
880 0 0 |6 245-01  |a 現代日本の主婦 /  |c 国際女性学会編. 
880 |6 260-02  |a 東京 :  |b 日本放送出版協会,  |c 昭和55 [1980] 
880 0 |6 490-03  |a NHKブックス ;  |v 360 
880 2 |6 710-04  |a 国際女性学会 (Japan) 
988 |a 20021214 
906 |0 DLC